Online Catalogue and eLibrary

Adimaikal (Record no. 3977)

MARC details
000 -LEADER
fixed length control field 00362nam a2200145Ia 4500
005 - DATE AND TIME OF LATEST TRANSACTION
control field 20250314015114.0
008 - FIXED-LENGTH DATA ELEMENTS--GENERAL INFORMATION
fixed length control field 240331s9999 xx 000 0 und d
082 ## - DDC Classification
Item Number - Author Mark DAN
Class No. 894
100 ## - MAIN ENTRY--PERSONAL NAME
Personal name Daniel, K
245 #0 - TITLE STATEMENT
Title Adimaikal
260 ## - PUBLICATION, DISTRIBUTION, ETC.
Place of publication, distribution, etc. Chennai
Name of publisher, distributor, etc. Alaikal Veliyitagam
Date of publication, distribution, etc. 1995
300 ## - PHYSICAL DESCRIPTION
Extent (e.g. Volumes, Pages etc.) 272 p .,
500 ## - GENERAL NOTE
General note A novel About 1890 - 1956 Women's
942 ## - Koha item type (Biblio)
Koha item type Books in Stacks (Lending)
Holdings
Lost status Damaged status Collection code Home library Current library Shelving location Date acquired Full call number Accession Number Item type
    Lending WERC Library WERC Library Social Science Cupboard 03/31/2024 894.811 DAN 2137 Books in Stacks (Lending)

© WERC Library